Fußball: Japanische Spieler in der Bundesliga - Statistiken

Allgemein
  • Dieses Quiz wurde 87 mal gespielt
  • Das Durchschnittsergebnis liegt bei 15 aus 49
Antwortstatistiken
Verein(e) Zeitraum Name % Korrekt
VfB Stuttgart, Bayern München 2021-2024, 2024- Hiroki Itō
87%
Hamburger SV 2017-2018 Tatsuya Itō
87%
Bor. Dortmund, Bor. Dortmund 2010-2012, 2014-2019 Shinji Kagawa
85%
Arminia Bielefeld, SC Freiburg, Eintr. Frankfurt 2020-2021, 2022-2025, 2025- Ritsu Dōan
76%
Bor. M'gladbach 2021-2024 Kō Itakura
68%
VfL Wolfsburg, 1. FC Nürnberg, Eintr. Frankfurt 2008-2013, 2013-2014, 2014-2024 Makoto Hasebe
68%
Union Berlin 2020-2022 Keita Endō
61%
VfB Stuttgart 2020-2023 Wataru Endō
61%
FC Schalke 04 2010-2015 Atsuto Uchida
52%
VfB Stuttgart, Hamburger SV 2012-2015, 2015-2018 Gōtoku Sakai
48%
Hannover 96 2012-2016 Hiroki Sakai
48%
VfB Stuttgart, 1. FSV Mainz 05 2011-2013, 2013-2015 Shinji Okazaki
48%
Holstein Kiel, Bor. M'gladbach 2024-2025, 2025- Shūto Machino
48%
1. FSV Mainz 05 2024- Kaishū Sano
45%
Hertha BSC, Hannover 96, Union Berlin, VfB Stuttgart 2014-2018, 2018-2019, 2021-2023, 2023-2024 Genki Haraguchi
41%
Bayern München, TSG Hoffenheim, FC Augsburg, Fort. Düsseldorf 2011-2012, 2012-2013, 2016-2017, 2018-2019 Takashi Usami
40%
Hamburger SV, Eintr. Frankfurt 2003-2006, 2006-2008 Naohiro Takahara
36%
VfB Stuttgart, Hannover 96, Vfl Bochum 2017-2018, 2018-2019, 2021-2024 Takuma Asano
35%
1. FC Köln, Werder Bremen 2014-2018, 2018-2021 Yūya Ōsako
35%
1. FC Nürnberg, Hannover 96 2012-2014, 2014-2016 Hiroshi Kiyotake
33%
Eintr. Frankfurt, Eintr. Frankfurt 2017-2018, 2019-2023 Daichi Kamada
32%
Werder Bremen 2025- Yukinari Sugawara
31%
FC Schalke 04 2022-2023 Maya Yoshida
29%
SC Freiburg 2025- Yuito Suzuki
29%
Eintr. Frankfurt 2012-2016 Takashi Inui
28%
1. FSV Mainz 05 2025- Sōta Kawasaki
21%
1. FSV Mainz 05 2015-2018 Yoshinori Mutō
20%
FC St. Pauli 2025- Joel Chima Fujita
17%
Arminia Bielefeld, FC Augsburg 2021-2022, 2023-2025 Masaya Okugawa
16%
Bor. M'gladbach 2023- Shiō Fukuda
16%
VfB Stuttgart 2024-2025 Anrie Chase
15%
FC Augsburg, Bayer Leverkusen, Hertha BSC 2011-2012, 2012-2013, 2013-2015 Hajime Hosogai
15%
Eintr. Frankfurt 2007-2009 Jun’ichi Inamoto
11%
VfL Bochum 2024-2025 Kōji Miyoshi
9%
TSG Hoffenheim 2025- Kōki Machida
9%
Vfl Bochum 2008-2010 Shinji Ono
9%
1. FC Köln, Werder Bremen 1977-1981, 1981-1986 Yasuhiko Okudera
8%
FC Schalke 04 2022-2023 Sōichirō Kōzuki
7%
1. FC Nürnberg 2018-2019 Yūya Kubo
7%
Hannover 96 2016 Hotaru Yamaguchi
5%
1. FC Köln 2014-2016 Kazuki Nagasawa
5%
Bor. Dortmund 2014-2015 Mitsuru Maruoka
5%
VfL Wolfsburg 2009 Yoshito Ōkubo
4%
Fort. Düsseldorf 2013 Genki Ōmae
3%
Arminia Bielefeld, FC St. Pauli 1983-1985, 1988-1989 Kazuo Ozaki
3%
SC Freiburg 2010-2012 Kishō Yano
3%
1. FC Nürnberg 2013 Mū Kanazaki
3%
1. FC Köln 2010-2012 Tomoaki Makino
3%
Bor. M'gladbach 2011-2012 Yūki Ōtsu
3%
Keine übereinstimmenden Quizze gefunden
Verteilung der Resultate
Anzahl Personen mit jedem Resultat
Perzentil nach korrekt beantworteten Fragen
Ihre Resultats-Entwicklung
Sie haben dieses Quiz noch nicht gespielt